00339nam a22001217a 450000500170000000800410001708200140005811000270007224500540009926000460015330000100019965000080020920200604104416.0200604b xxu||||| |||| 00| 0 eng d a345.4 AIR aThe All India Reporter aThe All India Reporter1965 (V-52) GUJRATT Section aBOMBAYbThe All India Reporter Ltd.c1965 a304p. aLAW